LEADER 00938nam0 2200265 450 001 000007022 005 20060404091904.0 010 $a88-348-4697-4 100 $a20060404d2004----km-y0itay50------ba 101 0 $aita 102 $aIT 105 $ay-------001yy 200 1 $aRuolo e tutela della vittima in diritto penale$fa cura di Emma Venafro e Carmela Piemontese$gprefazione di Tullio Padovani 210 $aTorino$cGiappichelli$d2004 215 $a200 p.$d24 cm 225 2 $aQuaderni del Dipartimento di diritto pubblico, Università di Pisa$v0029 410 0$12001$aQuaderni del Dipartimento di diritto pubblico, Università di Pisa 676 $a345.4504$v20 702 1$aPiemontese,$bCarmela 702 1$aVenafro,$bEmma 801 0$aIT$bUNIPARTHENOPE$c20060404$gRICA$2UNIMARC 912 $a000007022 951 $aR-0082$b38080$cNAVA3 996 $aRuolo e tutela della vittima in diritto penale$91056829 997 $aUNIPARTHENOPE